000 00644nam a2200217Ii 4500
003 JO-AjNU
008 230605s9999||||xx |||||||||||||| ||und||
017 _a1998/6/1004
040 _aJO-AjNU
_bara
_erda
_cJO-AjNU
041 _aara
050 1 4 _aNA2715 1998
100 3 _aسعد توفيق، مجدي تأليف,
_eauthor
_939649
245 0 0 _aالظل والظلال=Sciagraphy
250 _aط1
264 3 1 _aعمان:دار المناهج,1998
300 _a87ص
336 _atext
_btxt
_2rdacontent
337 _aunmediated
_bn
_2rdamedia
338 _avolume
_bnc
_2rdacarrier
650 4 _aالظل والظلال-الظل
_939650
999 _aA16763
_c20331
_d20331